Effect of the type of coagulant on coagulation properties of rubbers, compounds and vulcanisates (Record no. 58207)

MARC details
000 -LEADER
fixed length control field 00546nam a2200181Ia 4500
100 ## - MAIN ENTRY--AUTHOR NAME
Personal name Akatova I N
245 #0 - TITLE STATEMENT
Title Effect of the type of coagulant on coagulation properties of rubbers, compounds and vulcanisates
260 ## - PUBLICATION, DISTRIBUTION, ETC. (IMPRINT)
Name of publisher International Polymer Science and Technology
Year of publication 2004
300 ## - PHYSICAL DESCRIPTION
Number of Pages 4-Jan
650 ## - SUBJECT ADDED ENTRY--TOPICAL TERM
Topical Term Coagulation properties
650 ## - SUBJECT ADDED ENTRY--TOPICAL TERM
Topical Term Rubber compounds
650 ## - SUBJECT ADDED ENTRY--TOPICAL TERM
Topical Term Vulcanisates
700 ## - ADDED ENTRY--PERSONAL NAME
Personal name Kondrateva N A
700 ## - ADDED ENTRY--PERSONAL NAME
Personal name Korystin S I
700 ## - ADDED ENTRY--PERSONAL NAME
Personal name Nikulin S S
942 ## - ADDED ENTRY ELEMENTS (KOHA)
Koha item type Journals
Holdings
Withdrawn status Lost status Damaged status Not for loan Home library Current library Shelving location Date acquired Serial Enumeration / chronology Koha item type
      Journals RRII Library RRII Library Rubber chemistry 17/12/2021 Volume 31, Issue 8 Journals